Animals According to Google Quiz Stats

 Plays Quiz Updated Feb 21, 2013

Challenge
Share
Tweet
Embed
Score 0/24 Timer 07:00
2 Plays Today
X are... % Correct
Cats
97.3%
Dolphins
74.6%
Cows
69.2%
Zebras
66.6%
Elephants
59.7%
Sharks
56.7%
Ravens
54.9%
Toads
50.8%
Pigs
48.6%
Rats
47.7%
Flamingos
45.7%
Koalas
45.6%
X are... % Correct
Horses
44.6%
Chimpanzees
40.3%
Pandas
34.9%
Humans
30%
Turtles
29.3%
Cheetahs
28.8%
Polar Bears
27.5%
Hippos
23.7%
Foxes
22.4%
Giraffes
20.6%
Goats
16.4%
Hamsters
14.1%

You're not logged in!

Compare scores with friends on all Sporcle quizzes.
Join for Free
OR
Log In

You Might Also Like...

Show Comments

Extras

Top Quizzes Today


Score Distribution

Your Account Isn't Verified!

In order to create a playlist on Sporcle, you need to verify the email address you used during registration. Go to your Sporcle Settings to finish the process.

Report this User

Report this user for behavior that violates our Community Guidelines.

Details: